The adoption of information technology in marketing

Marketing je jednou z oblastí manažmentu, v ktorých boli informačné a komunikačné technológie aplikované relatívne neskoro, v poslednej dobe sa IT v marketingu stali cestou ku konkurenčnej výhode. 9 percent celkových výdavkov na IT v SR smeruje do marketingu. Hodnotenie podstaty a rozsahu IT aplikác...

Full description

Saved in:
Bibliographic Details
Main Author: Lesáková, Dagmar, 1949-
Format: Book Chapter
Language:English
Subjects:
Tags: Add Tag
No Tags, Be the first to tag this record!

MARC

LEADER 00000naa$a2200000$$$4500
001 0049442
005 20240502083130.9
041 0 |a eng 
044 |a CZ 
245 1 0 |a The adoption of information technology in marketing  |c Dagmar Lesáková 
520 |a Marketing je jednou z oblastí manažmentu, v ktorých boli informačné a komunikačné technológie aplikované relatívne neskoro, v poslednej dobe sa IT v marketingu stali cestou ku konkurenčnej výhode. 9 percent celkových výdavkov na IT v SR smeruje do marketingu. Hodnotenie podstaty a rozsahu IT aplikácií v marketingu, analýza dopadov na zmeny marketingových aktivít. Výsledky výskumu realizovaného v roku 2005 na 115 slovenských podnikoch použitím Delfskej metódy. Výsledky výskumu otvárajú rad otázok o zmenách v podstate a štruktúre marketingovej funkcie. 
610 2 0 |a marketing 
610 2 0 |a technológie informačné 
610 2 0 |a Slovensko 
100 1 |a Lesáková, Dagmar, 1949-